The Masters Quiz - Statistics

General Stats
  • This quiz has been taken 53 times
    3 since last reset
  • The average score is 12 of 25
Answer Stats
Hint Answer % Correct
The Masters is played at this golf course Augusta National
100%
The course is located in this state Georgia
100%
Par score at the course. 72
67%
Name of the legendary 3 hole stretch 11-13. Amen Corner
67%
The Masters is played in this month. April
67%
Pink/white flower synonymous with the course. Name of 13th hole. Azalea
67%
Spectators are famously not allowed to bring this. Cellphone
67%
The winner gets this clothing item. Green Jacket
67%
This player has the most wins (6). Jack Nicklaus
67%
"Yes sir" the broadcaster announced as this player made a crucial birdie putt from 12 feet on his way to his 6th Masters title. Jack Nicklaus
67%
Friendly competition on wednesday. Par-3 Contest
67%
Name of the spectators at the tournament. Patrons
67%
This lefty left 5 feet after his unforgettable shot from the pine straw of the 13th hole on his way to his 3rd Masters title Phil Mickelson
67%
Won his fifth Masters in 2019 after an eleven year major title drought in what was a "Return to glory". Tiger Woods
67%
This lefty hit it on the green after hooking it 40 yards from the bushes on the 10th hole on his way to the title. Bubba Watson
33%
The previous winner hosts this on tuesday. Champions dinner
33%
All 18 holes are named after this Flowers/Plants
33%
Famous bridge over the tributary on hole 12. Hogan Bridge
33%
Famous road leading to the clubhouse. Magnolia Lane
33%
Broadcasters are forbidden to call this rough. Second Cut
33%
All caddies wear these. White Jumpsuits
33%
This player made ace by skipping over the pond on the 16th hole during a practice round. Jon Rahm/ Vijay Singh
0%
This South African famously made double eagle on the 2nd hole in 2012. Louis Oosthuizen
0%
The property was used for this before it became a golf course. Nursery
0%
Famous tributary flowing through the course. Rae's Creek
0%
No matching quizzes found
Score Distribution
Percent of People with Each Score
Percentile by Number Answered
Your Score History
You have not taken this quiz since the last reset